Countries having reached the semi-finals of the Rugby World Cup. - Statistics

General Stats
  • This quiz has been taken 119 times
  • The average score is 8 of 8
Answer Stats
Number of times Countries % Correct
6 Australia
99%
8 New Zealand
99%
5 England
97%
1 Scotland
97%
5 South Africa
97%
6 France
96%
3 Wales
93%
2 Argentina
87%
No matching quizzes found
Score Distribution
Percent of People with Each Score
Percentile by Number Answered
Your Score History
You have not taken this quiz